00482cam a22002051 4500001001300000003000400013005001700017008004100034010001700075040001800092050002000110100003000130245002500160260001100185300001900196500001600215500001300231500001500244999001700259sa 68002246 DLC20260227112441.0050721s1967 xx 000 0 benr  asa 68002246  aDLCcDLCdDLC00aPK1718.G463bJ31 aGhosal, Panchanan,d1905-10aJāgrata Bhārata. c[1967] a219 p.c23 cm. aIn Bengali. aA novel. aRomanized. c78556d78556